000 01358nam a2200349 a 4500
001 ebr10680967
003 CaPaEBR
006 m u
007 cr cn|||||||||
008 090706s2009 nyuabd sb 001 0 eng d
010 _z 2009024672
020 _z9781607418153 (hardcover)
020 _z1607418150 (hardcover)
020 _z9781617284076 (e-book)
040 _aCaPaEBR
_cCaPaEBR
035 _a(OCoLC)665731643
050 1 4 _aGE300
_b.E569 2009eb
082 0 4 _a333.7
_222
082 0 4 _a337
_222
245 0 0 _aEnvironmental cost management
_h[electronic resource] /
_cRandi Taylor Mancuso, editor.
260 _aNew York :
_bNova Science Publishers,
_cc2009.
300 _axii, 314 p. :
_bill. (some col.), maps.
490 1 _aEnvironmental research advances series
504 _aIncludes bibliographical references and index.
533 _aElectronic reproduction.
_bPalo Alto, Calif. :
_cebrary,
_d2013.
_nAvailable via World Wide Web.
_nAccess may be limited to ebrary affiliated libraries.
650 0 _aEnvironmental management.
655 7 _aElectronic books.
_2local
700 1 _aMancuso, Randi Taylor.
710 2 _aebrary, Inc.
830 0 _aEnvironmental research advances series.
856 4 0 _uhttp://site.ebrary.com/lib/rucke/Doc?id=10680967
_zAn electronic book accessible through the World Wide Web; click to view
999 _c156844
_d156844